<?xml version="1.0" encoding="UTF-8"?>
<collection xmlns="http://www.loc.gov/MARC21/slim">
 <record>
  <leader>01658nam a2200193Ia 4500</leader>
  <controlfield tag="001">TDMU_26596</controlfield>
  <controlfield tag="008">210410s9999    xx            000 0 und d</controlfield>
  <datafield tag="082" ind1=" " ind2=" ">
   <subfield code="a">582.1</subfield>
  </datafield>
  <datafield tag="090" ind1=" " ind2=" ">
   <subfield code="b">TR121</subfield>
  </datafield>
  <datafield tag="100" ind1=" " ind2=" ">
   <subfield code="a">Trần, Thị Ngọc Hiếu</subfield>
  </datafield>
  <datafield tag="245" ind1=" " ind2="0">
   <subfield code="a">Chung cư Hưng Lộc 7 tầng thành phố Vinh</subfield>
  </datafield>
  <datafield tag="245" ind1=" " ind2="0">
   <subfield code="c">Trần Thị Ngọc Hiếu; ThS. Nguyễn Minh Hùng, ThS. Nguyễn Minh Thi (Hướng dẫn)</subfield>
  </datafield>
  <datafield tag="260" ind1=" " ind2=" ">
   <subfield code="a">Bình Dương, 2015</subfield>
  </datafield>
  <datafield tag="300" ind1=" " ind2=" ">
   <subfield code="a">199tr.</subfield>
  </datafield>
  <datafield tag="520" ind1=" " ind2=" ">
   <subfield code="a">Chuyên ngành: Xây dựng; Khóa luận tốt nghiệp Đại học trường Đại học Thủ Dầu Một (liên thông); TM tài liệu tham khảo tr. 198; Gồm các phần: Phần I. Mở đầu; Phần II. Kết cấu: Chương 2. Thiết kế kết cấu sàn (sàn tầng 3)--Chương 3. Thiết kế kết cấu cầu thang bộ--Chương 4. Thiết kế kết cấu khung trục 2--Chương 5. Hồ sơ địa chất và thiết kế phương án móng; Phần III. Thi công: Chương 1. Tổng quan về công tác thi công--Chương 2. Thi công cọc khoan nhồi--Chương 3. Thiết kế biện pháp thi công thân (Cột, dầm, sàn) --Chương 4. Tổng mặt bằng thi công--Chương 5. An toàn trong lao động</subfield>
  </datafield>
  <datafield tag="650" ind1=" " ind2=" ">
   <subfield code="a">Khóa luận; Xây dựng</subfield>
   <subfield code="x">Chung cư Hưng Lộc</subfield>
   <subfield code="z">Tp. Vinh (Nghệ An)</subfield>
  </datafield>
  <datafield tag="700" ind1=" " ind2=" ">
   <subfield code="a">Nguyễn Minh Thi</subfield>
  </datafield>
  <datafield tag="856" ind1=" " ind2=" ">
   <subfield code="u">http://lrc.tdmu.edu.vn/opac/search/detail.asp?aID=2&amp;ID=26596</subfield>
  </datafield>
  <datafield tag="980" ind1=" " ind2=" ">
   <subfield code="a">Trung tâm Học liệu Trường Đại học Thủ Dầu Một</subfield>
  </datafield>
 </record>
</collection>
